00435cam a22001457a 4500008004000000082001200040245009900052250001200151260003100163300001100194650001700205700002700222700002200249700001800271180718b1989 xxu||||| |||| 00| 0 eng d aA32 Hin aBrihad Hindi kosh (Hindi)cedited by Kalika Prasad, Rajvallabh Sahai and Mukundilal Srivastava a6th ed. aVaranasibGianmandalc1989 a1424p. aDictionaries aSrivastava, Mukundilal aSahai, Rajvallabh aKalika Prasad